000
00202 a2200097 4500
001
1418
100
_a
Wilson, F.W
245
_a
Fixture design, H/Bk of
260
_a
_b
Mcgrawhill
_c
090
_c
967
_d
967
942
_a
NUST-CAE
_c
M
_c
36566
999
_c
236491
_d
236491